Kinh tế và ngân hàng châu Á

में बचाया:
ग्रंथसूची विवरण
स्वरूप: पुस्तक
भाषा:Undetermined
प्रकाशित: Thành phố Hồ Chí Minh Trường Đại học Ngân hàng thành phố Hồ Chí Minh 2020
विषय:
टैग : टैग जोड़ें
कोई टैग नहीं, इस रिकॉर्ड को टैग करने वाले पहले व्यक्ति बनें!
Thư viện lưu trữ: Trung tâm Học liệu Trường Đại học Cần Thơ
LEADER 00598nam a2200169Ia 4500
001 CTU_236159
008 210402s9999 xx 000 0 und d
082 |a 332.1 
082 |b K312 
245 0 |a Kinh tế và ngân hàng châu Á 
245 0 |c Trường Đại học Ngân hàng thành phố Hồ Chí Minh 
260 |a Thành phố Hồ Chí Minh 
260 |b Trường Đại học Ngân hàng thành phố Hồ Chí Minh 
260 |c 2020 
650 |a Economic,Kinh tế 
904 |i T.Trang 
980 |a Trung tâm Học liệu Trường Đại học Cần Thơ